000 01249nam a22002777a 4500
005 20170124103123.0
010 _aA-977376
020 _c00.00
035 _aA-977376
037 _bCen Lib/Ret
040 _aDPL
_bHN
082 _a181.41
_bपरमा
100 _aपरमानन्द
_982423
245 _aमोक्ष केसे /
_cपरमानन्द; संपादक चैतन्य सिन्धु
246 _aMoksha kese /
_bby Parmanand; sampadak Chaitanya Sindhu
250 _a2nd ed
260 _aहरिद्वार
_bअखण्ड परमधाम
_c1994
270 _bहरिद्वार
_aसप्त सरोवर
_e241410
300 _a123पृ.
_c21सेमी (सजिल्द)
650 _aसिद्धांत और अध्यात्म--भारतीय दर्शन शास्त्र
_982424
650 _aमोक्ष प्राप्ति--भारतीय दर्शन
_982425
650 _aDoctrine and spirituality--Indian Philosophy
_982426
650 _aBeatification --Indian philosophy
_982427
700 _aसिन्धु, चैतन्य
_982428
942 _2ddc
_cHN
_h181.41
_mपरमा
999 _c118902
_d118902